000 01207nam a2200313Ia 4500
001 ebr10217781
003 CaPaEBR
006 m u
007 cr cn|||||||||
008 070329s2007 enk sb 001 0 eng d
020 _z9781845113971 (cased)
020 _z1845113977 (cased)
020 _z1845113985 (pbk.)
020 _z9781845113988 (pbk.)
040 _aCaPaEBR
_cCaPaEBR
035 _a(OCoLC)213888387
050 1 4 _aB741
_b.A39 2007eb
100 1 _aAlmond, Ian,
_d1969-
245 1 4 _aThe new Orientalists
_h[electronic resource] :
_bpostmodern representations of Islam from Foucault to Baudrillard /
_cIan Almond.
260 _aLondon :
_bI. B. Tauris,
_c2007.
300 _a229 p.
504 _aIncludes bibliographical references and index.
533 _aElectronic reproduction.
_bPalo Alto, Calif. :
_cebrary,
_d2011.
_nAvailable via World Wide Web.
_nAccess may be limited to ebrary affiliated libraries.
650 0 _aIslamic philosophy.
650 0 _aPostmodernism.
655 7 _aElectronic books.
_2local
710 2 _aebrary, Inc.
856 4 0 _uhttp://site.ebrary.com/lib/rucke/Doc?id=10217781
_zAn electronic book accessible through the World Wide Web; click to view
999 _c231906
_d231906